| 000 | 00888nam a22003017a 4500 | ||
|---|---|---|---|
| 003 | CHAP | ||
| 005 | 20220329135635.0 | ||
| 008 | 971013s1949 r 00010 d | ||
| 010 | _a39776 | ||
| 011 | _a40748 | ||
| 035 | _a44874 | ||
| 040 | _cCHAP | ||
| 082 |
_a311.2 _bF58Y |
||
| 100 | 0 | 0 |
_aFisher, Ronald A. _941112 |
| 245 | _aMétodos estadísticos para investigadores | ||
| 260 |
_aMadrid : _bAguilar, _c1949 |
||
| 300 | _a322 p. | ||
| 590 |
_aBATCH-UPD _b10 _c20130110 _lUCH01 _h0134 |
||
| 590 |
_aBATCH-UPD _b10 _c20130110 _lUCH01 _h1847 |
||
| 590 |
_aBATCH-UPD _b10 _c20130410 _lUCH01 _h1216 |
||
| 590 |
_aBATCH-UPD _b10 _c20130914 _lUCH01 _h0636 |
||
| 590 |
_aCONVERSION _b10 _c20130109 _lUCH01 _h1322 |
||
| 650 | 1 | 4 |
_aBiometría. _912831 |
| 650 | 1 | 4 |
_aEstadística. _938241 |
| 901 | _aBK | ||
| 942 | _cLIBRO | ||
| 949 |
_a311.2 F58Y _bBC _cLIBRO _d33724000304838 _eLIBRO _fc.2 _i44874 _si |
||
| 999 |
_c39776 _d39776 |
||